Culture générale - Quiz : Niveau 1 à 20 - Statistiques

Statistiques générales
  • Ce quiz a été pris 685 fois
  • Le résultat moyen est 10 sur 20
Statistiques - réponses
Question Réponse % Correct
Quelle est la capitale de la France ? Paris
100%
Combien y'a t'il de planète dans le système solaire ? 8
99%
Comment s'appelle le président des États-Unis en 2024 ? Joe Biden
95%
Quelles sont les couleurs du drapeau de la Belgique (gauche à droite) ? Noir Jaune Rouge
92%
Combien de pays compose l'union européenne ? 27
88%
Quel footballeur est connu pour sa célébration mythique SIUUU ? Cristiano Ronaldo
86%
Dans quel pays se situe la capitale Bogota ? Colombie
79%
Quel est le nom de l'élément du symbole chimique N ? Azote
68%
Dans quel pays est née Elon Musk ? Afrique du Sud
49%
Quel est le développeur principal de GTA V Rockstar North
49%
Quel événement a enclenché ce changement vers l'antiquité ? Invention de l'écriture
46%
Quelle est la préfecture de la Côte D'or ? Dijon
36%
Quel pays se situe 1er au classement de l'IDH ? Suisse
28%
Qui a peint la naissance de Vénus ? Sandro Botticelli
26%
Quel pays a colonisé le Burundi ? Belgique
25%
Quelle sont les 6 chiffres après 3.14 (π) ? 159265
9%
En quelle année est née Gandhi ? 1869
7%
En quelle année la préhistoire se finit ? (Av JC) 3300 av JC
6%
Quel pays a pour président Thongloun Sisoulith ? Laos
3%
Comment s'appelle la maladie qui a pour symptômes untrouble hormonal qui provoque une augmentation anormale de la taille des pieds et des mains et une déformation du visage ? Acromégalie
2%
Aucun quiz correspondant
Distribution des résultats
% des personnes avec chaque résultat
Percentile par nombre de réponses
Votre historique - résultats
Vous n’avez pas pris ce quiz